Making fiscal space happen managing fiscal policy in a world of scaled-up aid /

Bibliographic Details
Main Author: Heller, Peter S.
Corporate Author: ProQuest (Firm)
Format: Electronic eBook
Language:English
Published: [Washington, D.C.] : International Monetary Fund, c2006.
Series:IMF working paper ; WP/06/270.
Subjects:
Online Access:Click to View
LEADER 01250nam a2200325Ia 4500
001 EBC3014379
003 MiAaPQ
005 20200520144314.0
006 m o d |
007 cr cn|||||||||
008 060502s2006 dcua s i000 0 eng d
035 |a (MiAaPQ)EBC3014379 
035 |a (Au-PeEL)EBL3014379 
035 |a (CaPaEBR)ebr10380748 
035 |a (OCoLC)805508135 
040 |a MiAaPQ  |c MiAaPQ  |d MiAaPQ 
050 4 |a HJ192.5  |b .H45 2006 
100 1 |a Heller, Peter S. 
245 1 0 |a Making fiscal space happen  |h [electronic resource] :  |b managing fiscal policy in a world of scaled-up aid /  |c prepared by Peter S. Heller ...[et. al.]. 
260 |a [Washington, D.C.] :  |b International Monetary Fund,  |c c2006. 
300 |a 53 p. :  |b ill. 
490 1 |a IMF working paper ;  |v WP/06/270 
500 |a "December 2006." 
533 |a Electronic reproduction. Ann Arbor, MI : ProQuest, 2015. Available via World Wide Web. Access may be limited to ProQuest affiliated libraries. 
650 0 |a Fiscal policy. 
650 0 |a Finance, Public. 
655 4 |a Electronic books. 
710 2 |a ProQuest (Firm) 
830 0 |a IMF working paper ;  |v WP/06/270. 
856 4 0 |u https://ebookcentral.proquest.com/lib/matrademy/detail.action?docID=3014379  |z Click to View